| 000 | 01461nam0a22002891 4500 | ||
|---|---|---|---|
| 001 | v19\rc\1424909 | ||
| 005 | 20250618112826.0 | ||
| 035 | _a(NLR Aleph) 004550776 | ||
| 090 |
_a2138670 _c2138670 |
||
| 100 | _a20060512d1885 |||y0rusy50 ca | ||
| 101 | 0 | _arus | |
| 102 | _aRU | ||
| 105 | _aa j ||||| | ||
| 200 | 1 |
_aРезультаты письменных испытаний учеников шестого и дополнительного классов реальных училищ Одесского учебного округа по начертательной геометрии и механике с 1876 по 1885 г. _eОтчет проф. В. Лигина _eПрил. к Циркуляру по упр. Одес. учеб. окр. № 10 за окт. месяц 1885 г. |
|
| 210 |
_aОдесса _cтип. "Одес. вестн." _d[1885] |
||
| 215 |
_a8 с., 1 л. табл. _d21 |
||
| 309 | _aБез тит. л. и обл. | ||
| 422 | 0 |
_12001#$aЦиркуляр по управлению Одесским учебным округом$v1885, окт., № 10 _tЦиркуляр по управлению Одесским учебным округом |
|
| 700 | 1 |
_aЛигин _bВ.Н. _f1846-1900 _gВалериан Николаевич |
|
| 801 | 0 |
_aRU _bNLR _gpsbo |
|
| 801 | 0 |
_aRU _bRuMoRGB _2psbo |
|
| 801 | 1 |
_aRU _bProSoft-M _2rusmarc |
|
| 852 |
_aNLR _j18.213.4.357 |
||
| 852 |
_aNLR _j6/361 |
||
| 899 | _aБАН | ||
| 942 | _cBOOK | ||
| 980 | _aNB | ||